000 01100nam a2200265 a 4500
003 BLK
005 20250723112013.0
008 191022b bu ||||| |||| 00| 0 bu d
020 _a9786191953714
040 _aBLK
041 _aBUL
_cBUL
080 _aАнглийска литература
_b821.111
_x-9
_z821.111-9
_9226869
084 _aМ 53
100 _aМидълтън, Уилям
_9490793
245 _aРаят тук и сега
_bНеобикновеният живот на Карл Лагерфелд
_cУилям Мидълтън; превод от англ. Герасим Славов.
260 _9214104
_aСофия
_bКнигомания
_c2023
_fКостинброд : Мултипринт
300 _a415 с.
_c24 см
380 _aX
500 _aОриг. загл. Paradise Now. The Extraordinary Life of Karl Lagerfeld / William Middleton
700 _9246888
_aСлавов, Герасим Йорданов
852 _aЦб 323057
_bЦб
942 _cKNG
_n0
_05
944 _c2024
_k30576
_lЦветомила Тодорова
999 _c502668
_d502668